Digital and analog communication systems / (Record no. 181014)
[ view plain ]
| 000 -LEADER | |
|---|---|
| fixed length control field | 00980 a2200253 4500 |
| 003 - CONTROL NUMBER IDENTIFIER | |
| control field | Nust |
| 005 - DATE AND TIME OF LATEST TRANSACTION | |
| control field | 20170207153202.0 |
| 010 ## - LIBRARY OF CONGRESS CONTROL NUMBER | |
| LC control number | 2006048552 |
| 020 ## - INTERNATIONAL STANDARD BOOK NUMBER | |
| International Standard Book Number | 8131707377 |
| 020 ## - INTERNATIONAL STANDARD BOOK NUMBER | |
| International Standard Book Number | 9780131424920 |
| 035 ## - SYSTEM CONTROL NUMBER | |
| System control number | (OCoLC)70158580 |
| 035 ## - SYSTEM CONTROL NUMBER | |
| System control number | (OCoLC)ocm70158580 |
| 040 ## - CATALOGING SOURCE | |
| Transcribing agency | Nust |
| 082 00 - DEWEY DECIMAL CLASSIFICATION NUMBER | |
| Classification number | 621.382 |
| 100 1# - MAIN ENTRY--PERSONAL NAME | |
| Personal name | Couch, Leon W. |
| 245 10 - TITLE STATEMENT | |
| Title | Digital and analog communication systems / |
| Statement of responsibility, etc. | Leon W. Couch II. |
| 250 ## - EDITION STATEMENT | |
| Edition statement | 7th ed. |
| 260 ## - PUBLICATION, DISTRIBUTION, ETC. | |
| Place of publication, distribution, etc. | Upper Saddle River, N.J. : |
| Name of publisher, distributor, etc. | Pearson/Prentice Hall, |
| Date of publication, distribution, etc. | c2007. |
| 300 ## - PHYSICAL DESCRIPTION | |
| Extent | xxvii, 751 p. : |
| Other physical details | ill. ; |
| Dimensions | 25 cm. |
| 500 ## - GENERAL NOTE | |
| General note | Introduction (Page-29) Signal and Spectra (Page-61) Baseband Pulse and Digital Signaling (Page-156)Band Pass Signaling Principles and Circuits (Page-258)AM,FM and Digital Modulated Systems (Page-330) |
| 505 ## - FORMATTED CONTENTS NOTE | |
| Formatted contents note | Wire and Wireless Communication Systems (Page-575) Mathematical Techniques, Identities and Tables (Page-667) |
| 538 ## - SYSTEM DETAILS NOTE | |
| System details note | Almirah No.46 and Shelf No.3 |
| 650 #0 - SUBJECT ADDED ENTRY--TOPICAL TERM | |
| Topical term or geographic name entry element | Telecommunication systems. |
| 942 ## - ADDED ENTRY ELEMENTS (KOHA) | |
| Source of classification or shelving scheme | |
| Koha item type | Book |
| Withdrawn status | Lost status | Source of classification or shelving scheme | Damaged status | Not for loan | Collection code | Permanent Location | Current Location | Date acquired | Total Checkouts | Full call number | Barcode | Checked out | Date last seen | Date last checked out | Price effective from | Koha item type |
|---|---|---|---|---|---|---|---|---|---|---|---|---|---|---|---|---|
| Military College of Signals (MCS) | Military College of Signals (MCS) | 12/12/2016 | 1 | 621.382 COU | MCS34495 | 09/22/2022 | 08/23/2022 | 08/23/2022 | 12/12/2016 | Book |
